|
|
|
|
| LEADER |
00000nkm a2200000 a 4500 |
| 001 |
vtls001438057 |
| 003 |
SK-MaSNL |
| 005 |
20260331204135.0 |
| 007 |
kf bo |
| 008 |
231206q1950 xo g 0k slo |
| 035 |
|
|
|a SNK000393187
|
| 035 |
|
|
|a urn:nbn:sk:snk-km003rib
|
| 035 |
|
|
|a EFE13B69-C958-4CA3-8BB3-1DBA575CCBE9
|
| 035 |
|
|
|a urn:nbn:sk:snk-kmtgaq
|
| 040 |
|
|
|a SNK
|b slo
|c SNK
|e AACR2
|
| 041 |
0 |
|
|a slo
|
| 044 |
|
|
|a xo
|c SK
|
| 080 |
|
|
|a 908(437.67)
|2 1981
|
| 080 |
|
|
|a (084.121)
|2 1981
|
| 100 |
1 |
|
|a Koštial, Vladimír,
|d 1912-2001
|4 pht
|9 38465
|
| 245 |
1 |
0 |
|a Hotel Bellevue v Hornom Smokovci
|h grafika
|c foto Vladimír Koštial
|
| 260 |
|
|
|a [Martin?]
|b Osveta
|c 1950]
|
| 300 |
|
|
|a 1 pohľadnica
|b farebná
|c 15x11 cm
|
| 610 |
2 |
7 |
|a Hotel Bellevue (Horný Smokovec, Slovensko)
|2 SNKKA
|9 638835
|
| 651 |
|
7 |
|a Horný Smokovec (Vysoké Tatry, Slovensko)
|2 SNKPH
|9 160793
|
| 655 |
|
7 |
|a miestne pohľadnice
|2 SNKPH
|9 70510
|
| 852 |
|
|
|a Slovenská národná knižnica
|
| 958 |
|
|
|a GC
|
| 958 |
|
|
|a GBN
|
| 958 |
0 |
7 |
|a TL
|
| 958 |
|
|
|a OND
|
| 999 |
|
|
|c 986331
|d 988261
|
| 952 |
|
|
|a SNK
|b SNK
|y PREZ
|7 0
|p 17A1121978
|o snkSP 151351 D1
|i snk2015/2165
|8 3
|g 0.50
|0 0
|1 0
|4 0
|d 2015-01-23
|l 0
|r 2026-02-24 11:33:41
|w 2026-02-24
|
| 952 |
|
|
|t P60, <03>, [BOOK], {603}
|a SNK
|b SNK
|y PREZ
|7 0
|p 17A0387043
|o snkSP 151351
|i snkPV 645/2002
|0 0
|1 0
|4 0
|d 2002-07-22
|f 1
|l 0
|r 2005-01-02 00:00:00
|w 2026-02-24
|